Reingeniería educativa.

Gespeichert in:
Bibliographische Detailangaben
1. Verfasser: Espíndola Castro, José Luis (autor)
Format: Buch
Sprache:Spanisch
Schriftenreihe:(Colección biblioteca de la educación superior : Investigaciones)
Schlagworte:
Tags: Tag hinzufügen
Keine Tags, Fügen Sie das erste Tag hinzu!

MARC

LEADER 00000cam^a2200000uu^4500
001 000493163
005 20250521000000.0
008 030205s1997^^^^^^^^^^^^rd^r^^000^0^spa^d
009 20260310125457.294
022 |a 9687798297 
035 |a FCE 000036536 
035 |a FCE 036581 
037 |a Acervo ITESO - Biblioteca 
041 |a spa 
082 0 4 |a 370.78  |b ESPr 
100 |a Espíndola Castro, José Luis  |e (autor) 
245 1 0 |a Reingeniería educativa. 
264 |a México :  |b ANUIES,  |c 1997. 
300 |a 229 p. 
336 |a texto  |b txt  |2 rdacontenido 
337 |a sin mediación  |b n  |2 rdamedio 
338 |a volumen  |b nc  |2 rdasoporte 
440 0 |a (Colección biblioteca de la educación superior :  |p Investigaciones) 
649 |a XX 
650 |a Didáctica 
650 |a Cambio de la educación 
650 |a Recursos humanos 
650 |a Metodología 
650 |a Organización de la educación 
650 |a Psicología Cognitiva 
650 |a Enseñanza-aprendizaje 
650 |a Pensamiento crítico 
650 |a Planificación del plan de estudios 
910 |a Fondo Centro de Estudios Educativos 
920 |a Impresos - Libros 
930 |a Fondos Especiales 
905 |a 133 
901 |a ALE036581  |b IT2  |c CEE  |u 20250521 
901 |a ALE043895  |b IT2  |c CEE  |u 20250521 
902 |a https://opac.biblio.iteso.mx/vufind/Record/000493163